LEADER 08249 am 2202017 n 450 001 9910416513503321 005 20191202 010 $a2-7355-0884-6 024 7 $a10.4000/books.cths.6152 035 $a(CKB)4100000010014021 035 $a(FrMaCLE)OB-cths-6152 035 $a(oapen)https://directory.doabooks.org/handle/20.500.12854/43853 035 $a(PPN)241684994 035 $a(EXLCZ)994100000010014021 100 $a20191220j|||||||| ||| 0 101 0 $afre 135 $auu||||||m|||| 181 $ctxt$2rdacontent 182 $cc$2rdamedia 183 $acr$2rdacarrier 200 13$aLa conquête de la montagne : des premières occupations humaines à l?anthropisation du milieu /$fMarianne Deschamps, Sandrine Costamagno, Pierre-Yves Milcent, Jean-Marc Pétillon, Caroline Renard, Nicolas Valdeyron 210 $aParis $cÉditions du Comité des travaux historiques et scientifiques$d2019 330 $aLes montagnes sont souvent perçues comme des espaces peu et tardivement peuplés, en marge des grands axes d?échanges. Cependant, les recherches récentes ne cessent de faire reculer dans le temps et augmenter en altitude les plus anciennes traces de présence humaine en milieu montagnard. De nombreuses études environnementales et archéologiques ont permis de mieux appréhender les différentes modalités de la gestion des milieux montagnards par les populations pré- et protohistoriques. Du Paléolithique à l?âge du Bronze, au travers d?exemples d?occupations dans les Pyrénées, les Alpes, le Jura, le Massif central et le Morvan, les textes réunis dans cet ouvrage envisagent la montagne comme territoire d?approvisionnement , territoire culturel et territoire d?échange. Le Congrès national des sociétés historiques et scientifiques rassemble chaque année universitaires, membres de sociétés savantes et jeunes chercheurs. Ce recueil est issu de travaux présentés lors du 142e Congrès sur le thème « Circulations montagnardes, circulations européennes ». 517 $aConquête de la montagne 517 $aConquête de la montagne 517 $aLa conquête de la montagne 517 $aLa conquête de la montagne  606 $aArchaeology 606 $aPréhistoire 606 $aPaléolithique moyen 606 $aPaléolithique supérieur 606 $aMésolithique 606 $aNéolithique 606 $aâge du Bronze 606 $aâge du Fer 606 $apaléo-environnement 606 $aarchéologie 606 $aMagdalénien 610 $apaléo-environnement 610 $aPaléolithique supérieur 610 $aNéolithique 610 $aâge du Fer 610 $aPréhistoire 610 $aPaléolithique moyen 610 $aMésolithique 610 $aMagdalénien 610 $aâge du Bronze 610 $aarchéologie 615 4$aArchaeology 615 4$aPréhistoire 615 4$aPaléolithique moyen 615 4$aPaléolithique supérieur 615 4$aMésolithique 615 4$aNéolithique 615 4$aâge du Bronze 615 4$aâge du Fer 615 4$apaléo-environnement 615 4$aarchéologie 615 4$aMagdalénien 700 $aAlbore Livadie$b Claude$0251387 701 $aAngevin$b Raphaël$01364080 701 $aArcéiz$b Abel Berdejo$01364081 701 $aAura Tortosa$b Joan Emili$01364082 701 $aAuxerre-Géron$b Florie-Anne$01364083 701 $aBargalló$b Amelia$01364084 701 $aBea$b Manuel$01364085 701 $aBéreiziat$b Gérald$01364086 701 $aBesse$b Marie$01301586 701 $aBichet$b Vincent$01307194 701 $aCarrión Marco$b Yolanda$01364087 701 $aChacón$b María Gema$01364088 701 $aChalard$b Pierre$01329615 701 $aChevassu$b Valentin$01299540 701 $aChevrier$b François$01364089 701 $aChiquet$b Patricia$01322761 701 $aCicolani$b Veronica$01364090 701 $aColonge$b David$01364091 701 $aCostamagno$b Sandrine$01329616 701 $aDefrasne$b Claudia$01364092 701 $aDelhon$b Claire$01323588 701 $aDeschamps$b Marianne$01285262 701 $aDomingo Martínez$b Rafael$01364093 701 $aDuarte Matías$b Elsa$01364094 701 $aDufraisse$b Alexa$01364095 701 $aDumas$b Vincent$01323590 701 $aDumontier$b Patrice$01327753 701 $aFernández-Marchena$b Juan Luis$01364096 701 $aFlas$b Damien$01364097 701 $aFranklin$b Jay$01364098 701 $aFullola$b Josep Maria$01364099 701 $aGarcia$b Arnau$01364100 701 $aGarcía-Argudo$b Gala$01364101 701 $aGasperi$b Nicola$01364102 701 $aGauthier$b Émilie$01307198 701 $aGisbert$b Mario$01364103 701 $aGómez de Soler$b Bruno$01364104 701 $aGracia$b Marta Alcolea$01364105 701 $aGuilaine$b Jean$0143475 701 $aHays$b Maureen$01364106 701 $aHuet$b Thomas$01323602 701 $aIsoardi$b Delphine$01300847 701 $aJouffroy-Bapicot$b Isabelle$01364107 701 $aLaborda Lorente$b Rafael$01364108 701 $aLachenal$b Thibault$01294592 701 $aLanau$b Paloma$01364109 701 $aLanglais$b Mathieu$01323605 701 $aLloveras$b Lluis$01364110 701 $aMadelaine$b Stéphane$01285282 701 $aMangado$b Xavier$01285285 701 $aMartin$b Lucie$01290318 701 $aMartínez$b Rafael Domingo$01364111 701 $aMartínez$b Rafael Laborda$01364112 701 $aMartino$b Francesco Matteo$01364113 701 $aMartzluff$b Michel$01313271 701 $aMercadal$b Oriol$01323608 701 $aMilcent$b Pierre-Yves$01294551 701 $aMinet$b Théo$01364114 701 $aMiranda$b Pilar Utrilla$01364115 701 $aMocci$b Florence$01321518 701 $aMontes$b Lourdes$01285289 701 $aMourre$b Vincent$01319231 701 $aNadal$b Jordi$0214028 701 $aNouvel$b Pierre$01316667 701 $aOlmos$b Pau$01364116 701 $aOrengo$b Hèctor A$01364117 701 $aPalet$b Josep Maria$01364118 701 $aPérez Ripoll$b Manuel$01364119 701 $aPétillon$b Jean-Marc$01329627 701 $aPolonio$b Tania$01364120 701 $aRasilla Vives$b Marco de la$01364121 701 $aRemicourt$b Maxime$01327772 701 $aRemolins-Zamora$b Gérard$01364122 701 $aRenard$b Caroline$0607988 701 $aRichard$b Hervé$01307203 701 $aRodriguez$b Núria$01364123 701 $aRodríguez Otero$b Vicente$01364124 701 $aRomagnoli$b Francesca$01364125 701 $aSaint-Sever$b Guillaume$01364126 701 $aSainz-Aja$b Alejandro Sierra$01364127 701 $aSánchez de la Torre$b Marta$01364128 701 $aSanchis Serra$b Alfred$01364129 701 $aSebastián$b María$01364130 701 $aServelle$b Christian$01329217 701 $aSoriano$b Elena$01364131 701 $aSoto$b María$0920609 701 $aSurmely$b Frédéric$01323632 701 $aTalon$b Brigitte$01323633 701 $aTejero$b José-Miguel$0617090 701 $aThiébault$b Stéphanie$0402186 701 $aThomas$b Marc$01129898 701 $aTremblay Cormier$b Laurie$01364132 701 $aTunzi$b Anna Maria$01364133 701 $aTuru$b Valentí$01364134 701 $aTzortzis$b Stéfan$01323637 701 $aValdeyron$b Nicolas$01285317 701 $aVallverdú$b Josep$0394160 701 $aVaquero$b Manuel$01364135 701 $aVillalba-Mouco$b Vanessa$01364136 701 $aWalsh$b Kevin$0223814 701 $aZúñiga$b Alberto Obón$01364137 701 $aDeschamps$b Marianne$01285262 701 $aCostamagno$b Sandrine$01329616 701 $aMilcent$b Pierre-Yves$01294551 701 $aPétillon$b Jean-Marc$01329627 701 $aRenard$b Caroline$0607988 701 $aValdeyron$b Nicolas$01285317 801 0$bFR-FrMaCLE 906 $aBOOK 912 $a9910416513503321 996 $aLa conquête de la montagne : des premières occupations humaines à l?anthropisation du milieu$93385327 997 $aUNINA LEADER 06132nam 2201141Ia 450 001 9910786240703321 005 20211028213412.0 010 $a0-520-95454-8 024 7 $a10.1525/9780520954540 035 $a(CKB)2670000000340321 035 $a(EBL)1163752 035 $a(OCoLC)836205974 035 $a(SSID)ssj0000855830 035 $a(PQKBManifestationID)12365354 035 $a(PQKBTitleCode)TC0000855830 035 $a(PQKBWorkID)10792693 035 $a(PQKB)11219112 035 $a(StDuBDS)EDZ0001053975 035 $a(MiAaPQ)EBC1163752 035 $a(OCoLC)966854757 035 $a(MdBmJHUP)muse52225 035 $a(DE-B1597)520662 035 $a(DE-B1597)9780520954540 035 $a(Au-PeEL)EBL1163752 035 $a(CaPaEBR)ebr10681971 035 $a(CaONFJC)MIL475686 035 $a(dli)HEB33912 035 $a(MiU) MIU01100000000000000001067 035 $a(EXLCZ)992670000000340321 100 $a20121221d2013 uy 0 101 0 $aeng 135 $aurnn#---|u||u 181 $ctxt 182 $cc 183 $acr 200 10$aBody of victim, body of warrior$b[electronic resource] $erefugee families and the making of Kashmiri jihadists /$fCabeiri deBergh Robinson 210 $aBerkeley $cUniversity of California Press$d2013 215 $a1 online resource (353 p.) 225 0 $aSouth Asia Across the Disciplines 300 $aDescription based upon print version of record. 311 0 $a0-520-27420-2 311 0 $a0-520-27421-0 320 $aIncludes bibliographical references and index. 327 $tFront matter --$tContents --$tList of Illustrations --$tList of Abbreviations --$tNote on Names, Transliteration, and Photographs --$tPreface: The Kashmir Dispute and the Conflicts within Conflict Ethnography --$tAcknowledgments --$tIntroduction. The Social Production of Jih?d --$tONE. Between War and Refuge in Jammu and Kashmir. Displacement, Borders, and the Boundaries of Political Belonging --$tTWO. Protective Migration and Armed Struggle. Political Violence and the Limits of Victimization in Islam --$tTHREE. Forging Political Identities, 1947-1988. The South Asian Refugee Regime and Refugee Resettlement Villages --$tFOUR. Transforming Political Identities, 1989-2001. Refugee Camps in Azad Jammu and Kashmir and the International Refugee Regime --$tFIVE. Human Rights and Jih?d. Victimization and the Sovereignty of the Body --$tSIX. The Muj?hid as Family-Man. Sex, Death, and the Warrior's (Im)pure Body --$tCONCLUSION. From Muh?jir to Muj?hid to Jih?d? in the Global Order of Things --$tNotes --$tGlossary --$tBibliography --$tIndex 330 $aThis book provides a fascinating look at the creation of contemporary Muslim jihadists. Basing the book on her long-term fieldwork in the disputed borderlands between Pakistan and India, Cabeiri deBergh Robinson tells the stories of people whose lives and families have been shaped by a long history of political conflict. Interweaving historical and ethnographic evidence, Robinson explains how refuge-seeking has become a socially and politically debased practice in the Kashmir region and why this devaluation has turned refugee men into potential militants. She reveals the fraught social processes by which individuals and families produce and maintain a modern jihad, and she shows how Muslim refugees have forged an Islamic notion of rights-a hybrid of global political ideals that adopts the language of human rights and humanitarianism as a means to rethink refugees' positions in transnational communities. Jihad is no longer seen as a collective fight for the sovereignty of the Islamic polity, but instead as a personal struggle to establish the security of Muslim bodies against political violence, torture, and rape. Robinson describes how this new understanding has contributed to the popularization of jihad in the Kashmir region, decentered religious institutions as regulators of jihad in practice, and turned the families of refugee youths into the ultimate mediators of entrance into militant organizations. This provocative book challenges the idea that extremism in modern Muslim societies is the natural by-product of a clash of civilizations, of a universal Islamist ideology, or of fundamentalist conversion. 410 0$aSouth Asia Across the Disciplines 517 3 $aRefugee families and the making of Kashmiri jihadists 606 $aIslam and politics$zPakistan$zAzad Kashmir 606 $aJihad 606 $aKashmiri (South Asian people)$zPakistan$zAzad Kashmir 606 $aRefugees$zIndia$zJammu and Kashmir 606 $aRefugees$zPakistan$zAzad Kashmir 606 $aReligious militants$zPakistan$zAzad Kashmir 610 $aasia scholars. 610 $aasian studies. 610 $acontemporary muslims. 610 $aethnographers. 610 $aethnography. 610 $aextremism. 610 $afieldwork. 610 $afundamentalism. 610 $aglobal politics. 610 $ahistorians. 610 $ahistorical perspective. 610 $ahuman rights. 610 $ahumanitarianism. 610 $aindia. 610 $akashmir. 610 $amiddle east. 610 $amilitant organizations. 610 $amuslim jihadists. 610 $amuslim refugees. 610 $anonfiction. 610 $apakistan. 610 $apolitical conflict. 610 $apolitical issues. 610 $apolitical violence. 610 $arefugee families. 610 $areligious extremists. 610 $areligious violence. 610 $asocial issues. 610 $asouth asia. 610 $atransnational. 615 0$aIslam and politics 615 0$aJihad. 615 0$aKashmiri (South Asian people) 615 0$aRefugees 615 0$aRefugees 615 0$aReligious militants 676 $a363.325/108991499 700 $aRobinson$b Cabeiri deBergh$0792600 801 0$bMiAaPQ 801 1$bMiAaPQ 801 2$bMiAaPQ 906 $aBOOK 912 $a9910786240703321 996 $aBody of victim, body of warrior$91772459 997 $aUNINA